000
00228nam a2200097Ia 4500
008
230907s9999||||xx |||||||||||||| ||und||
082
_a
307.1216
_b
COL
245
0
_a
Urban heritage management :
300
_a
pages cm
942
_c
BK
999
_c
599348
_d
599348